<?xml version="1.0" encoding="UTF-8"?>
<record
    xmlns:xsi="http://www.w3.org/2001/XMLSchema-instance"
    xsi:schemaLocation="http://www.loc.gov/MARC21/slim http://www.loc.gov/standards/marcxml/schema/MARC21slim.xsd"
    xmlns="http://www.loc.gov/MARC21/slim">

  <leader>01321nam a22002657a 4500</leader>
  <controlfield tag="005">20170124103122.0</controlfield>
  <datafield tag="010" ind1=" " ind2=" ">
    <subfield code="a">B-013793</subfield>
  </datafield>
  <datafield tag="020" ind1=" " ind2=" ">
    <subfield code="c">40.00</subfield>
  </datafield>
  <datafield tag="035" ind1=" " ind2=" ">
    <subfield code="a">B-013793</subfield>
  </datafield>
  <datafield tag="037" ind1=" " ind2=" ">
    <subfield code="b">Cen Lib/Ret</subfield>
  </datafield>
  <datafield tag="040" ind1=" " ind2=" ">
    <subfield code="a">DPL</subfield>
    <subfield code="b">HN</subfield>
  </datafield>
  <datafield tag="082" ind1=" " ind2=" ">
    <subfield code="a">808.87</subfield>
    <subfield code="b">&#x930;&#x93E;&#x91C;&#x947;&#x902;&#x926;&#x94D;&#x930; </subfield>
  </datafield>
  <datafield tag="100" ind1=" " ind2=" ">
    <subfield code="a">&#x930;&#x93E;&#x91C;&#x947;&#x902;&#x926;&#x94D;&#x930; &#x92A;&#x94D;&#x930;&#x938;&#x93E;&#x926; &#x926;&#x947;&#x935; </subfield>
    <subfield code="9">42440</subfield>
  </datafield>
  <datafield tag="245" ind1=" " ind2=" ">
    <subfield code="a">&#x92A;&#x93E;&#x902;&#x91A; &#x915;&#x93F;&#x932;&#x94B;&#x92E;&#x940;&#x91F;&#x930; :</subfield>
    <subfield code="c">&#x930;&#x93E;&#x91C;&#x947;&#x902;&#x926;&#x94D;&#x930; &#x92A;&#x94D;&#x930;&#x938;&#x93E;&#x926; &#x926;&#x947;&#x935; </subfield>
    <subfield code="b">&#x90F;&#x915; &#x917;&#x941;&#x926;&#x917;&#x941;&#x926;&#x93E;&#x924;&#x940; &#x939;&#x93E;&#x938;&#x94D;&#x92F; &#x935;&#x94D;&#x92F;&#x902;&#x917; &#x915;&#x943;&#x924;&#x93F; /</subfield>
  </datafield>
  <datafield tag="246" ind1=" " ind2=" ">
    <subfield code="a">Paanch kilomitar : ek gudgudati hasya vyang kriti </subfield>
    <subfield code="b">by Rajendra Prasad Dev </subfield>
  </datafield>
  <datafield tag="260" ind1=" " ind2=" ">
    <subfield code="a"> &#x926;&#x93F;&#x932;&#x94D;&#x932;&#x940; </subfield>
    <subfield code="b">&#x917;&#x94D;&#x930;&#x902;&#x925;&#x932;&#x94B;&#x915; &#x92A;&#x94D;&#x930;&#x915;&#x93E;&#x936;&#x928; </subfield>
    <subfield code="c">2000</subfield>
  </datafield>
  <datafield tag="270" ind1=" " ind2=" ">
    <subfield code="a">1/10817, &#x917;&#x932;&#x940; &#x928;. -3, &#x938;&#x941;&#x92D;&#x93E;&#x937; &#x92A;&#x93E;&#x930;&#x94D;&#x915; &#x928;&#x935;&#x940;&#x928; &#x936;&#x93E;&#x939;&#x926;&#x930;&#x93E; </subfield>
    <subfield code="b">&#x926;&#x93F;&#x932;&#x94D;&#x932;&#x940; </subfield>
    <subfield code="e">110032</subfield>
  </datafield>
  <datafield tag="300" ind1=" " ind2=" ">
    <subfield code="a">40&#x92A;&#x943;&#x937;&#x94D;&#x920;.</subfield>
    <subfield code="c">20&#x938;&#x947;&#x92E;&#x940;(&#x938;&#x91C;&#x93F;&#x932;&#x94D;&#x926;)</subfield>
  </datafield>
  <datafield tag="500" ind1=" " ind2=" ">
    <subfield code="a">&#x938;&#x928;&#x94D;&#x926;&#x930;&#x94D;&#x92D; &#x917;&#x94D;&#x930;&#x928;&#x94D;&#x925; &#x938;&#x942;&#x91A;&#x940; &#x936;&#x93E;&#x92E;&#x93F;&#x932; </subfield>
  </datafield>
  <datafield tag="650" ind1=" " ind2=" ">
    <subfield code="a">&#x939;&#x93F;&#x902;&#x926;&#x940; &#x938;&#x93E;&#x939;&#x93F;&#x924;&#x94D;&#x92F; </subfield>
    <subfield code="9">82080</subfield>
  </datafield>
  <datafield tag="650" ind1=" " ind2=" ">
    <subfield code="a">&#x939;&#x93F;&#x902;&#x926;&#x940; &#x939;&#x93E;&#x938;&#x94D;&#x92F; &#x935;&#x94D;&#x92F;&#x902;&#x917; &#x915;&#x943;&#x924;&#x93F; </subfield>
    <subfield code="9">78104</subfield>
  </datafield>
  <datafield tag="650" ind1=" " ind2=" ">
    <subfield code="a">Hindi literature</subfield>
    <subfield code="9">82081</subfield>
  </datafield>
  <datafield tag="650" ind1=" " ind2=" ">
    <subfield code="a">Hindi Comedy Satire masterpiece</subfield>
    <subfield code="9">82082</subfield>
  </datafield>
  <datafield tag="942" ind1=" " ind2=" ">
    <subfield code="2">ddc</subfield>
    <subfield code="c">HN</subfield>
    <subfield code="h">808,87</subfield>
    <subfield code="m">&#x930;&#x93E;&#x91C;&#x947;&#x902;&#x926;&#x94D;&#x930; </subfield>
  </datafield>
  <datafield tag="999" ind1=" " ind2=" ">
    <subfield code="c">118828</subfield>
    <subfield code="d">118828</subfield>
  </datafield>
  <datafield tag="952" ind1=" " ind2=" ">
    <subfield code="0">0</subfield>
    <subfield code="1">0</subfield>
    <subfield code="4">0</subfield>
    <subfield code="7">0</subfield>
    <subfield code="a">L</subfield>
    <subfield code="b">L</subfield>
    <subfield code="d">2015-09-14</subfield>
    <subfield code="e">Cen Lib/Ret</subfield>
    <subfield code="g">40.00</subfield>
    <subfield code="l">0</subfield>
    <subfield code="o">808.87 &#x930;&#x93E;&#x91C;&#x947;&#x902;&#x926;&#x94D;&#x930;</subfield>
    <subfield code="p">B-013793</subfield>
    <subfield code="r">2015-09-14 00:00:00</subfield>
    <subfield code="t">1</subfield>
    <subfield code="v">40.00</subfield>
    <subfield code="w">2015-09-14</subfield>
    <subfield code="y">HN</subfield>
  </datafield>
</record>
